| 000 | 00763nam a22001937a 4500 | ||
|---|---|---|---|
| 008 | 170814b xxu||||| |||| 00| 0 eng d | ||
| 020 | _a9715503055 | ||
| 082 |
_21999 _aDFil 320.9599 _bK96 |
||
| 100 |
_922026 _aKwiatkowski, Lynn M. |
||
| 245 |
_aStruggling with development: _bthe politics of hunger and gender in the Philippines/ _cLynn M. Kwiatkowski. |
||
| 260 |
_aQuezon City: _bADMU Press, _cc1999. |
||
| 300 |
_a1, 350 pages: _billustrations; _c23 cm. |
||
| 500 | _aIncludes glossary, bibliography and index. | ||
| 650 | 0 |
_922027 _aPhilippines - Politics and government. |
|
| 650 | 0 |
_922028 _aWomen - Philippines - Social conditions. |
|
| 650 | 0 |
_922029 _aChildren - Philippines - Social conditions. |
|
| 650 | 0 |
_922030 _aSocial problems. |
|
| 942 |
_2ddc _cDFIL |
||
| 999 |
_c7272 _d7272 |
||